000 00844nam a2200265Ia 4500
003 OSt
005 20221005092204.0
006 a|||||r|||| 00| 0
007 ta
008 221004b |||||||| |||| 00| 0 eng d
020 _a9780415961066 (pbk)
_c91465.73
024 _a91406
037 _b08-04664, 29/01/2009, Atlantic Publisher & Dist. Pvt Ltd.
_cTextual
040 _aCRL
_cCRL
_beng
041 _2eng
_aeng
082 _aG:55:(W), P9
100 _aMiller Norman
_915691
245 0 _aEnvironmental politics
_b Stakelolders, interests, and policymaking
250 _a2nd
260 _aNew York
_bRoutledge U.S.A
_c2009
300 _axii, 207p.
_ccm.
650 _aBIOLOGY
942 _hG:55:(W), P9
_cTEXL
_2cc
999 _c998483
_d998483